Statistics for Lonesome Dove Miniseries Quiz

Click here to take the quiz!

General Stats

  • This quiz has been taken 22 times
  • The average score is 6 of 15

Answer Stats

HintAnswer% Correct
Who came up with the idea to drive cattle to Montana?Jake Spoon
80%
Where was Captain Woodrow F. Call born?Scotland
80%
During the first scene at the Dry Bean, Dish asks Gus for a loan. How much did Dish request?$2
67%
Woodrow nearly kills an army scout. In an attempt to explain to the onlookers, he says there is a certain behavior in a man that he won't tolerate. What sort of behavior is it?Rude
67%
As Pea Eye wanders back to camp after the Indian attack with Gus, who visits him in a dream or vision?Deets
60%
As Capt. Call travels back to Texas with Gus's body, he stops by Santa Rosa, New Mexico for wagon repairs. Who does he discover is about to be hung?Blue Duck
53%
Jake fell into a bad band of outlaws, who was the leader of the group?Dan Suggs
40%
As Roscoe Brown encounters Old Sam on his search for July, what animal is Old Sam preparing for dinner?Possum
40%
Which cowboy was deathly afraid of crossing rivers? He even collected jugs as floats.Jasper Fant
33%
What type snakes took the life of young Sean O'Brien?Water Moccasins
27%
What kind of boat does Ellie take from Fort Smith toward Nebraska?Whiskey Boat
27%
How long does Deet's tombstone reveal that he has served with Captain Call?30 years
20%
While rustling cattle and horses in Mexico, Captain Call comes across two drunken Irish brothers. What town are they wanting to find?Galveston, Texas
20%
In which town does Gus finally pass away?Miles City, Montana
20%
Where were Big Zwey, Luke, and Ellie headed when they were attacked by Indians?St. Louis, Missouri
13%

Score Distribution

Percentile by Number Answered

Percent of People with Each Score

Your Score History

You have not taken this quiz